|
|
|
|
| LEADER |
00000nam0a2200000 4500 |
| 001 |
100702 |
| 005 |
20231101214325.0 |
| 035 |
|
|
|a (RuTPU)RU\TPU\book\108367
|
| 035 |
|
|
|a RU\TPU\book\108364
|
| 090 |
|
|
|a 100702
|
| 100 |
|
|
|a 20060825d2000 m y0rusy50 ca
|
| 101 |
1 |
|
|a rus
|c eng
|
| 102 |
|
|
|a RU
|
| 105 |
|
|
|a a z 000zy
|
| 200 |
1 |
|
|a Деминг, Джуран и другие...
|f Академия проблем качества России; под ред. Г. Е. Герасимовой
|
| 210 |
|
|
|a Москва
|c Трек
|d 2000
|
| 215 |
|
|
|a 32 с.
|c ил.
|
| 225 |
1 |
|
|a Все о качестве. Зарубежный опыт
|v Вып. 15
|
| 309 |
|
|
|a Подготовлено по англоязычным источникам
|
| 600 |
|
1 |
|a Кросби
|b Ф.-Б.
|c американский специалист по качеству
|g Филип-Б.
|2 stltpush
|3 (RuTPU)RU\TPU\pers\10003
|9 2110
|
| 600 |
|
1 |
|a Джуран
|b Д. М.
|c американский специалист в области менеджмента и качества
|f 1904-
|g Джозеф Мозес
|2 stltpush
|3 (RuTPU)RU\TPU\pers\10001
|9 2108
|
| 600 |
|
1 |
|a Деминг
|b У. Э.
|c американский экономист
|g Уильям Эдвардс (Эдвард)
|f 1900-1993
|2 stltpush
|3 (RuTPU)RU\TPU\pers\8621
|
| 610 |
1 |
|
|a зарубежный опыт
|
| 610 |
1 |
|
|a качество
|
| 610 |
1 |
|
|a TQM
|
| 610 |
1 |
|
|a процессный подход
|
| 610 |
1 |
|
|a мотивация
|
| 675 |
|
|
|a 658.562
|v 3
|
| 702 |
|
1 |
|a Герасимова
|b Г. Е.
|4 340
|
| 712 |
0 |
2 |
|a Академия проблем качества России
|2 stltpush
|3 (RuTPU)RU\TPU\col\157
|
| 801 |
|
1 |
|a RU
|b 63413507
|c 20030819
|g PSBO
|
| 801 |
|
2 |
|a RU
|b 63413507
|c 20030819
|g PSBO
|
| 801 |
|
2 |
|a RU
|b 63413507
|c 20131004
|g PSBO
|
| 942 |
|
|
|c BK
|